| 000 | 00649nam a2200229 a 4500 | ||
|---|---|---|---|
| 001 | BRCA_5630 | ||
| 005 | 20190321142924.0 | ||
| 008 | 210211s1932----it-ab#####---#000-0#ita-# | ||
| 041 | _aita | ||
| 044 | _ait | ||
| 050 | 4 | _b.G35 1932 | |
| 245 | 1 | 0 |
_aGallerie Uffizi-Pitti _bCapolavori D´arte. |
| 260 |
_aItalia _bG. Fattorusso _c1932 |
||
| 300 |
_a298 p. _bil., 230 láminas, mapas _c25 cm. |
||
| 440 | 0 |
_aColección Medici _v6 _914341 |
|
| 500 | _aIncluye 1 mapa de ´La Escuela Italiana de Pintura´ | ||
| 500 | _aF108 | ||
| 650 | 1 | 4 |
_aPintura _xHistoria _zItalia _914342 |
| 650 | 1 | 4 |
_aPintores italianos _97654 |
| 902 | _aGFM | ||
| 942 |
_2lcc _cB |
||
| 999 |
_c5324 _d5324 |
||